00972nam a2200277Ia 4500003000400000005001700004008004100021020001500062040001800077041000800095082002100103100003100124245004800155250001200203260005700215300002800272650003600300650003500336650003900371650003000410650003900440650004300479942003000522999001900552952012300571OSt20230724113851.0210716s1987 xx 000 0 und d a0139390758 cAIMIT LIBRARY aeng a005.43 21bTWIW aTwitty, William B.9128125 aUnix on the IBM PC /cBy William B. Twitty. a1st ed. aNew Delhi :bGalgotia Publication Pvt Ltd ,c1987.. avii,214 p.;bPBc22 cm. aFeatures of unix system9128126 aCommon system commands9128211 aFacilities for programmers9128212 aPipes and filters9128127 aFacilities for programmers9128128 aSystem administrator functions9128129 2ddccBKe1stk005.43 TWIW c180967d180967 001040708MCAaAIMITbAIMITd2021-07-16g32.00l0o005.43 TWIWpMCA00475r2025-07-21 00:00:00v32.00w2021-07-16yBK